| 000 | 01591nam a2200445 i 4500 | ||
|---|---|---|---|
| 001 | 45016 | ||
| 003 | KOSZ 005 | ||
| 005 | 20200206105249.0 | ||
| 008 | 030925s1999 pl f f |001 0 pol | ||
| 015 | _aPB 2006/2506 | ||
| 020 | _a8387503169 | ||
| 035 | _a(PL-WaBN)b17688085-48omnis_nlop | ||
| 035 | _ab17688085 | ||
| 035 | _a(OCoLC)749227289 | ||
| 035 | _a(PL)b0000001768808 | ||
| 040 |
_aWA N _cWA N _dKOSZ 005/HR |
||
| 080 | _a347.7(438) | ||
| 080 | _a(094.4.07) | ||
| 100 | 1 |
_aDziurzyński, Tadeusz _d(1879-1962). _eOpracowanie |
|
| 245 | 1 | 0 |
_aKodeks handlowy : _bkomentarz / _coprac. Tadeusz Dziurzyński, Zygmunt Fenichel, Mieczysław Honzatko. |
| 246 | 1 | 4 | _aKodeks handlowy z komentarzem i skorowidzem |
| 260 |
_aŁodź : _bKsięgarnia Naukowa, _c1999. |
||
| 300 |
_a571 s. ; _c21 cm. |
||
| 336 |
_2rdacontent _aTekst _btxt |
||
| 337 |
_2rdamedia _aBez urządzenia pośredniczącego _bn |
||
| 338 |
_2rdacarrier _aWolumin _bnc |
||
| 380 | _aKsiążki | ||
| 388 | _a1901-2000 | ||
| 500 | _aWznowienie oprac. i uzup. na podstawie wydania Księgarni Powszechnej, Kraków 1936 r. | ||
| 504 | _aIndeks. | ||
| 650 | 7 |
_aPrawo handlowe _2DBN |
|
| 658 | _aPrawo i wymiar sprawiedliwości | ||
| 651 | 7 |
_aPolska _2DBN |
|
| 655 | 7 | _aKomentarz prawny | |
| 700 | 1 |
_aFenichel, Zygmunt _d(1896-1964). _eOpracowanie |
|
| 700 | 1 |
_aHonzatko, Mieczysław _d(1903-1945?). _eOpracowanie |
|
| 856 |
_uhttp://koha.tu.koszalin.pl/cgi-bin/koha/opac-detail.pl?biblionumber=45016 _yKatalog online BPK |
||
| 942 |
_2UKD _cKA |
||
| 999 |
_c45016 _d45016 |
||